00521nam a2200133Ia 4500008004100000100002700041245008800068260004600156300001100202650001300213856006900226999001900295952007300314160712s9999 xx 000 0 und d aMiranda, Bienvenido T. cBienvenido T. MirandaaA Tested Scheme for Creating the Filipino Science Vocabulary c2015bDaluyan: Journal ng Wikang Filipino a no. 1 xFILIPINO uhttp://journals.upd.edu.ph/index.php/djwf/issue/view/529/showToc c297021d297021 001040aCLbCLd2016-07-12l0r2016-07-12 00:00:00w2016-07-12yFEJ